000 00438nam a2200181Ia 4500
005 20240823055613.0
008 240823s9999||||xx |||||||||||||| ||und||
041 _aENGLISH
082 _A621.381531 N4
100 _a"Bosshart,Walter C"
245 0 _aPrinted Circuit Boards
250 _a1st
260 _c1994
_b"TMH,New Delhi"
500 _aYES
650 _aElectronic Circuits
_bInstrumentation
942 _cBK
999 _c229177
_d229177